<?xml version="1.0" encoding="UTF-8"?>
<collection xmlns="http://www.loc.gov/MARC21/slim">
 <record>
  <leader>00631pamaa2200181   4500</leader>
  <controlfield tag="001">0000037458</controlfield>
  <controlfield tag="005">20070307090000.0</controlfield>
  <datafield tag="020" ind1="0" ind2="0">
   <subfield code="a">007009859X </subfield>
  </datafield>
  <datafield tag="090" ind1="0" ind2="0">
   <subfield code="a">PN6014.C318 </subfield>
   <subfield code="b">CAR 1979</subfield>
  </datafield>
  <datafield tag="100" ind1="1" ind2="0">
   <subfield code="a">CARLSEN </subfield>
  </datafield>
  <datafield tag="245" ind1="1" ind2="0">
   <subfield code="a">Insights : </subfield>
   <subfield code="b">themes in literature  </subfield>
   <subfield code="c">G. Robert Carlsen, Anthony Tovatt, Patricia O. Tovatt.</subfield>
  </datafield>
  <datafield tag="250" ind1="0" ind2="0">
   <subfield code="a">3rd ed.</subfield>
  </datafield>
  <datafield tag="260" ind1="0" ind2="0">
   <subfield code="a">New York: </subfield>
   <subfield code="b">McGraw-Hill, </subfield>
   <subfield code="c">1979.</subfield>
  </datafield>
  <datafield tag="300" ind1=" " ind2=" ">
   <subfield code="a">x, 757p.: </subfield>
   <subfield code="b">col.ill.; </subfield>
   <subfield code="c">24 cm.</subfield>
  </datafield>
  <datafield tag="500" ind1="0" ind2="0">
   <subfield code="a">A thematically arranged anthology of poems, short stories, plays and novellas for the ninth-grade reader</subfield>
  </datafield>
  <datafield tag="650" ind1="0" ind2="0">
   <subfield code="a">Children's literature </subfield>
  </datafield>
  <datafield tag="700" ind1="1" ind2="1">
   <subfield code="a">Tovatt, </subfield>
   <subfield code="h">Anthony </subfield>
  </datafield>
  <datafield tag="700" ind1="1" ind2="1">
   <subfield code="a">Tovatt, </subfield>
   <subfield code="h">Patricia O </subfield>
  </datafield>
 </record>
</collection>
